00467nam a2200193Ia 4500008004100000020001800041050001400059100001700073245005200090245001700142260001500159260001600174260000900190300001500199300002700214300001000241440001400251500000800265170918s9999 xx 000 0 und d a9780439682466 bZ394 2004 aZavatto, Amy 4aThe long walk : the true story of Molly Craig / cAmy Zavatto. aNew York : bScholastic, c2004 a30 pages : bcolored illustration ; c19cm. aRead 180. a220